Loading...
Mythology | 1 | 2 | 0 | 2 | 35 | 76 | 125.67 | 2 | 3 |
Social Science | 0 | 3 | 0 | 3 | 30 | 132 | 138.00 | 1 | 3 |
History - World History | 0 | 3 | 0 | 2 | 30 | 92 | 124.67 | 0 | 3 |
Geography | 1 | 1 | 0 | 1 | 25 | 37 | 59.00 | 1 | 2 |
Religion | 0 | 2 | 0 | 1 | 20 | 88 | 108.50 | 1 | 2 |
Literature - World Literature | 0 | 1 | 0 | 0 | 10 | 154 | 154.00 | 0 | 1 |
Fine Arts - Visual Fine Arts | 0 | 1 | 0 | 0 | 10 | 124 | 124.00 | 1 | 1 |
Literature - American Literature | 0 | 1 | 0 | 0 | 10 | 100 | 100.00 | 1 | 1 |
Science - Biology | 0 | 1 | 0 | 0 | 10 | 96 | 96.00 | 1 | 1 |
History - American History | 0 | 0 | 0 | 0 | 0 | 0.00 | 0 | 0 | |
Fine Arts - Auditory Fine Arts | 0 | 0 | 1 | 0 | -5 | 0.00 | 0 | 0 | |
Science - Chemistry | 0 | 0 | 2 | 0 | -10 | 0.00 | 0 | 0 |